مكتبة جامعة عجلون الوطنية

فهرس بحث المكتبة

Normal view MARC view
  • المومني، محمد أحمد عقلة، م.مشارك عبد علي الخفاف

Entry Personal Name

Number of records used in: 1

001 - CONTROL NUMBER

  • control field: 47256

003 - CONTROL NUMBER IDENTIFIER

  • control field: JO-AjAnu

005 - DATE AND TIME OF LATEST TRANSACTION

  • control field: 20230606081813.0

008 - FIXED-LENGTH DATA ELEMENTS

  • fixed length control field: 230606|| aca||aabn | a|a d

040 ## - CATALOGING SOURCE

  • Original cataloging agency: JO-AjAnu
  • Transcribing agency: JO-AjAnu

100 ## - HEADING--PERSONAL NAME

  • Personal name: المومني، محمد أحمد عقلة، م.مشارك عبد علي الخفاف

670 ## - SOURCE DATA FOUND

  • Source citation: Work cat.: (JO-AjAnu)24184: المومني، محمد أحمد عقلة، م.مشارك عبد علي الخفاف, author, جغرافية القارات: آسيا، أوروبا، أفريقيا، أمريكيا الشمالية، أمريكيا الجنوبية، أستراليا ونيوزيلنده وجزر المحيط الهادي